000 00485nam a2200193Ia 4500
005 20240823013410.0
008 240823s9999||||xx |||||||||||||| ||und||
020 _a981-254-247-7
041 _aENGLISH
082 _A005.133 P4
100 _a"Lillo,Nicholas De J"
245 0 _aObject-Oriented Design : in JavaUsing java.util
250 _a1st
260 _c2004
_b"Thompson,Aust"
500 _aYES
650 _aJAVA
_bInformation Technology
942 _cBK
999 _c167130
_d167130